| 000 | 00515 a2200157 4500 | ||
|---|---|---|---|
| 020 | _a0849383455 | ||
| 040 |
_aDLC _bDLC |
||
| 082 | 0 | 0 | _a621.381 |
| 245 | 0 | 4 |
_aThe electronics handbook _ceditor-in-chief Jerry C. Whitaker. |
| 260 |
_aBoca Raton, Fla. : _bCRC Press : _bIEEE Press, _cc1996. |
||
| 300 |
_axli, 2575 p. : _bill. ; _c26 cm. |
||
| 440 | 4 | _aThe electrical engineering handbook series | |
| 650 | 0 |
_aElectronic circuits _xHandbooks, manuals, etc. |
|
| 700 | 1 | _aWhitaker, Jerry C. | |
| 942 |
_cBK _k621.381 WHI _2ddc |
||
| 999 |
_c7917 _d7917 |
||